Los herederos (Registro nro. 173838)

Detalles MARC
000 -LEADER
campo de control de longitud fija 00918namaa22001931 4500
001 - NÚMERO DE CONTROL
campo de control 173838
003 - IDENTIFICADOR DE NÚMERO DE CONTROL
campo de control ES-MaACL
005 - FECHA Y HORA DE LA ÚLTIMA TRANSACCIÓN
campo de control 20251005063134.0
008 - DATOS DE LONGITUD FIJA--INFORMACIÓN GENERAL
campo de control de longitud fija 100125s1862 sp |||| | spa d
040 ## - FUENTE DE CATALOGACIÓN
Centro catalogador/agencia de origen SpMaBN
Lengua de catalogación spa
Centro/agencia transcriptor A2
100 1# - ENTRADA PRINCIPAL--NOMBRE DE PERSONA
Nombre de persona Ferrer del Río, Antonio,
Fechas asociadas al nombre 1814-1872
9 (RLIN) 50459
245 14 - MENCIÓN DEL TÍTULO
Título Los herederos
Resto del título : zarzuela en un acto, y en prosa y verso /
Mención de responsabilidad, etc. escrita con el pensamiento de una comedia francesa antigua por Antonio Ferrer del Rio ; y puesta en musica por D. Francisco Asenjo Barbieri.
260 ## - PUBLICACIÓN, DISTRIBUCIÓN, ETC.
Lugar de publicación, distribución, etc. Madrid :
Nombre del editor, distribuidor, etc. [s.n.],
Fecha de publicación, distribución, etc. 1862 (
Fabricante Imp. de José Rodríguez)
300 ## - DESCRIPCIÓN FÍSICA
Extensión 23 p. ;
Dimensiones 17 cm.
500 ## - NOTA GENERAL
Nota general Solo la letra.
700 1# - ENTRADA AGREGADA--NOMBRE PERSONAL
Nombre de persona Barbieri, Francisco A.,
Fechas asociadas al nombre 1823-1894
9 (RLIN) 25463
852 ## - LOCALIZACIÓN
Ubicación ES-MaACL
Número de control de estantería F-8618(12)
Nota libre .- Enc. pasta española
condición física .- Falto de la cub. original
Nota libre .- Enc. en un vol. facticio formando parte de la col. facticia "Teatro español moderno", vol. 73
Existencias
Estatus retirado Estado de pérdida Estado de daño No para préstamo Colección Biblioteca de origen Biblioteca actual Ubicación en estantería Fecha de adquisición Fuente de adquisición Total de préstamos Signatura topográfica completa Código de barras Visto por última vez Precio de reemplazo Tipo de ítem Koha
        Libros del s. XIX Biblioteca del Ateneo de Madrid Biblioteca del Ateneo de Madrid Sala Pecera Planta 2 25/01/2010     F-8618(12) 1182469 23/02/2023 23/02/2023 Libro impreso antiguo